000 00350nam a22001337a 4500
008 250416b |||||||| |||| 00| 0 eng d
020 _a9782458481
050 _aJQ 3085
_b.A34
100 _aAdekanye I. Bayo
245 _aMilitary occupation and social stratification
260 _aIbadan
_bVantage publisher Ltd
_c1993
300 _a56p.
942 _cBK
999 _c3041
_d3041